African Countries - Type the First Letter - Statistics

General Stats
  • This quiz has been taken 102,445 times
  • The average score is 38 of 54
Answers on the Map
Answers color-coded by a green-red scale on the quiz's map according to % correct below.
 
Answer Stats
Country % Correct
Egypt
72%
Libya
72%
Madagascar
72%
Algeria
71%
Chad
71%
Dem. Rep. of the Congo
71%
Eritrea
71%
Ethiopia
71%
Lesotho
71%
Mali
71%
Mauritania
71%
Morocco
71%
Nigeria
71%
Somalia
71%
South Africa
71%
Sudan
71%
Tunisia
71%
Angola
70%
Botswana
70%
Cameroon
70%
Cape Verde
70%
Central African Republic
70%
Djibouti
70%
Eswatini
70%
Gambia
70%
Kenya
70%
Malawi
70%
Mozambique
70%
Namibia
70%
Niger
70%
São Tomé and Príncipe
70%
Senegal
70%
Seychelles
70%
South Sudan
70%
Tanzania
70%
Togo
70%
Zimbabwe
70%
Benin
69%
Burkina Faso
69%
Burundi
69%
Comoros
69%
Rep. of the Congo
69%
Equatorial Guinea
69%
Gabon
69%
Ghana
69%
Guinea-Bissau
69%
Ivory Coast
69%
Mauritius
69%
Rwanda
69%
Uganda
69%
Zambia
69%
Guinea
68%
Liberia
68%
Sierra Leone
68%
No matching quizzes found
Score Distribution
Percent of People with Each Score
Percentile by Number Answered
Your Score History
You have not taken this quiz